Statistics for Countries with the Highest Obesity Rate

Click here to take the quiz!

General Stats

  • This quiz has been taken 111,298 times
    (41,651 since last reset)
  • The average score is 8 of 20

Answer Stats

%Country% Correct
36.2United States
99%
47.3Samoa
55%
61.0Nauru
51%
48.2Tonga
51%
51.6Tuvalu
49%
55.3Palau
48%
52.9Marshall Islands
46%
46.0Kiribati
45%
45.8F.S. Micronesia
45%
35.4Saudi Arabia
43%
31.7United Arab Emirates
41%
30.8New Zealand
41%
35.1Qatar
39%
37.9Kuwait
36%
32.1Turkey
34%
32.0Egypt
33%
35.5Jordan
27%
32.0Lebanon
24%
32.5Libya
19%
31.6Bahamas
19%

Score Distribution

Percentile by Number Answered

Percent of People with Each Score

Your Score History

You have not taken this quiz since the last reset